Statistics for Ship Names [BBC Sherlock]

Click here to take the quiz!

General Stats

  • This quiz has been taken 669 times
  • The average score is 6 of 17

Answer Stats

HintAnswer% Correct
Sherlock Holmes / John WatsonJohnlock
97%
Sherlock Holmes / Molly HooperSher[l]olly
66%
Mycroft Holmes / Gregory LestradeMystrade
65%
James Moriarty / Sherlock HolmesSheriarty
59%
James Moriarty / Sebastian MoranMormor
51%
Sherlock Holmes / Mycroft HolmesHolmescest / Mylock
44%
Irene Adler / Sherlock HolmesAdlock
39%
John Watson / Mycroft HolmesJohncroft
29%
Molly Hooper / James MoriartyMolliarty
23%
Sherlock Holmes / Gregory LestradeSherstrade
22%
John Watson / James MoriartyJohniarty
20%
Gregory Lestrade / John WatsonJohnstrade
18%
Phillip Anderson / Sally DonovanAndervan
13%
Molly Hooper / Irene AdlerMolrene
10%
Mary Watson [Morstan] / John WatsonWarstan
10%
Sebastian Moran / John WatsonJohnstian
5%
Sebastian Moran / Irene AdlerSebrene
5%

Score Distribution

Percentile by Number Answered

Percent of People with Each Score

Your Score History

You have not taken this quiz